Từ điển viết tắt tiếng Anh về khoa học và công nghệ thông dụng

Gorde:
Xehetasun bibliografikoak
Egile nagusia: Phùng, Quang Nhượng
Formatua: Liburua
Hizkuntza:Undetermined
Argitaratua: Hà Nội Thống Kê 2002
Gaiak:
Etiketak: Etiketa erantsi
Etiketarik gabe, Izan zaitez lehena erregistro honi etiketa jartzen!
Thư viện lưu trữ: Trung tâm Học liệu Trường Đại học Cần Thơ
LEADER 00629nam a2200205Ia 4500
001 CTU_54981
008 210402s9999 xx 000 0 und d
020 |b 135000 
082 |a 423.1 
082 |b Nh561 
100 |a Phùng, Quang Nhượng 
245 0 |a Từ điển viết tắt tiếng Anh về khoa học và công nghệ thông dụng 
245 0 |c Phùng Quang Nhượng 
260 |a Hà Nội 
260 |b Thống Kê 
260 |c 2002 
650 |a English language 
650 |x Dictionaries 
904 |i Trọng Hải 
980 |a Trung tâm Học liệu Trường Đại học Cần Thơ